全隣接駅との駅間距離が1km未満のJR駅 - Statistics

General Stats
  • This quiz has been taken 145 times
  • The average score is 9 of 28
Answer Stats
都府県 駅名 % Correct
東京都 西日暮里
72%
神奈川県 国道
59%
神奈川県 海芝浦
58%
神奈川県 新芝浦
56%
神奈川県 扇町
51%
神奈川県 鶴見小野
49%
神奈川県 浅野
48%
神奈川県 弁天橋
46%
神奈川県 昭和
46%
大阪府 大阪城公園
36%
大阪府 ユニバーサルシティ
36%
大阪府 桜島
35%
大阪府 鶴橋
31%
大阪府 玉造
29%
大阪府 森ノ宮
29%
神奈川県 川崎新町
27%
宮城県 あおば通
26%
東京都 水道橋
26%
鳥取県 境港
18%
鳥取県 馬場崎町
13%
鳥取県 富士見町
12%
宮城県 陸前原ノ町
10%
広島県 河戸帆待川
10%
広島県 あき亀山
10%
東京都 東中神
9%
広島県 緑井
9%
宮城県 西塩釜
8%
大阪府 鶴ケ丘
6%
No matching quizzes found
Score Distribution
Percent of People with Each Score
Percentile by Number Answered
Your Score History
You have not taken this quiz